Gdynia zkm wszystkie przystanki - Statystyki

Ogólne statystyki
  • Ten quiz został rozwiązany 241 razy
  • Średni wynik to 20 z 304
Statystyki odpowiedzi
Odpowiedź % Poprawnych
Gdynia Kacze Buki
30%
Gdynia Witomino Centrum
30%
Gdynia Obłuże Centrum
29%
Gdynia Pogórze Górne
26%
Gdynia Redłowo SKM
26%
Gdynia Chylonia Centrum
25%
Gdynia Morska - Estakada
25%
Gdynia Pogórze Dolne
25%
Gdynia Plac Górnośląski
24%
Gdynia Rolnicza
24%
Gdynia 3 Maja
23%
Gdynia Dąbrowa Centrum
23%
Gdynia Warszawska
23%
Gdynia Cisowa SKM
22%
Gdynia Kalksztajnów
22%
Gdynia Uniwersytet Morski
22%
Gdynia Węzeł Franciszki Cegielskiej
22%
Gdynia Witomińska
22%
Gdynia Plac Kaszubski
21%
Gdynia Zamenhofa
21%
Gdynia Lidzka
20%
Gdynia Witomino Leśniczówka
20%
Gdynia Armii Krajowej
18%
Gdynia Dąbrowa Miętowa
18%
Gdynia Karwiny PKM
18%
Gdynia Mireckiego
18%
Gdynia Orłowo SKM - Klif
18%
Gdynia Źródło Marii
18%
Gdynia Oksywie Dolne
17%
Gdynia Olgierda
17%
Gdynia Stocznia SKM - Morska
17%
Gdynia Traugutta
17%
Gdynia Centrum Handlowe Riviera
16%
Gdynia Chylonia Dworzec PKP
16%
Gdynia Energetyków
16%
Gdynia Alzacka
15%
Gdynia Cisowa Sibeliusa
15%
Gdynia Harcerska
15%
Gdynia Leszczynki SKM
15%
Gdynia Łowicka
15%
Gdynia Paprykowa
15%
Gdynia Pucka
15%
Gdynia Pustki Cisowskie
15%
Gdynia Racławicka
15%
Gdynia Sikorskiego
15%
Gdynia Stawna
15%
Gdynia Witomino Sosnowa
15%
Gdynia Bosmańska - Nasypowa
14%
Gdynia Bpa Okoniewskiego
14%
Gdynia Myśliwska
14%
Gdynia Oksywie Górne
14%
Gdynia Orłowo SKM - Orłowska
14%
Gdynia Stare Obłuże
14%
Gdynia Steyera
14%
Gdynia Wzgórze Św. Maksymiliana SKM
14%
Gdynia Anyżowa
13%
Gdynia Bosmańska - Zielona
13%
Gdynia Cechowa
13%
Gdynia Karwiny Nowowiczlińska
13%
Gdynia Żelazna
13%
Gdynia Żeliwna
13%
Gdynia Babie Doły
11%
Gdynia Centrum Nauki Experyment
11%
Gdynia Dom Marynarza
11%
Gdynia Hutnicza - Estakada
11%
Gdynia Kameliowa
11%
Gdynia Nawigatorów
11%
Gdynia Węzeł Żołnierzy Wyklętych
11%
Gdynia Zwycięstwa - Wielkopolska
11%
Gdynia Arciszewskich
10%
Gdynia Dąbka - Zielona
10%
Gdynia Galeria Szperk
10%
Gdynia Kuśnierska
10%
Gdynia Łużycka
10%
Gdynia Redłowo SKM - Park Technologiczny
10%
Gdynia Wielki Kack Fikakowo
10%
Gdynia 3 Maja - Hala
9%
Gdynia Kilińskiego
9%
Gdynia Kolibki
9%
Gdynia Muchowskiego
9%
Gdynia Nasypowa
9%
Gdynia Obłuże Maciejewicza
9%
Gdynia Oksywie Dickmana
9%
Gdynia Płyta Redłowska
9%
Gdynia Redłowo Szpital
9%
Gdynia Szafranowa
9%
Gdynia Uczniowska
9%
Gdynia Urząd Miasta - Świętojańska
9%
Gdynia Węzeł Ofiar Grudnia '70
9%
Gdynia Wiczlino Niemotowo
9%
Gdynia Wiejska
9%
Gdynia Akademia Marynarki Wojennej
8%
Gdynia Chwarzno Polanki
8%
Gdynia Norwida
8%
Gdynia Owsiana
8%
Gdynia Piaskowa
8%
Gdynia Pogórze Dolne Złota
8%
Gdynia Sokoła
8%
Gdynia Staniewicza
8%
Gdynia Stocznia Wojenna
8%
Gdynia Turkusowa
8%
Gdynia Zbożowa
8%
Gdynia Amona
7%
Gdynia Bryla
7%
Gdynia Dąbka - Zespół Szkół
7%
Gdynia Demptowo
7%
Gdynia Grabówek SKM
7%
Gdynia Janka Wiśniewskiego
7%
Gdynia Jaskółcza
7%
Gdynia Kwiatkowskiego
7%
Gdynia Maciejewicza
7%
Gdynia Mały Kack Sandomierska
7%
Gdynia Morska - Kcyńska
7%
Gdynia Nałkowskiej
7%
Gdynia Pancerna
7%
Gdynia Raduńska
7%
Gdynia Tezeusza
7%
Gdynia Bernadowska
6%
Gdynia Centrum Handlowe Batory
6%
Gdynia Chylońska - Kcyńska
6%
Gdynia Cmentarz Witomiński
6%
Gdynia Cylkowskiego
6%
Gdynia Ejsmonda
6%
Gdynia Gdynia Dworzec Gł. PKP
6%
Gdynia Okrężna I
6%
Gdynia Okrężna II
6%
Gdynia Plac Kaszubski - Jana z Kolna
6%
Gdynia Podgórska
6%
Gdynia Poznańska
6%
Gdynia Staniszewskiego
6%
Gdynia Wiczlino Skrzyżowanie
6%
Gdynia Wybickiego
6%
Gdynia Wzgórze Św. Maksymiliana - Kapliczka
6%
Gdynia Benisławskiego
5%
Gdynia Białowieska
5%
Gdynia Bulwar Nadmorski
5%
Gdynia Filipkowskiego
5%
Gdynia Fredry
5%
Gdynia Gruszkowa
5%
Gdynia Hala "Makro"
5%
Gdynia Karwiny Tuwima
5%
Gdynia Lipowa
5%
Gdynia Moniuszki
5%
Gdynia Obłuże Leśne
5%
Gdynia Oksywie Godebskiego
5%
Gdynia Piołunowa
5%
Gdynia Skarbka I
5%
Gdynia Skarbka II
5%
Gdynia Skwer Kościuszki - InfoBox
5%
Gdynia Stolarska
5%
Gdynia Tymiankowa
5%
Gdynia Wiczlińska - Śliska
5%
Gdynia Wieluńska - Lipnowska
5%
Gdynia Zielona - Kościół
5%
Gdynia Złota
5%
Gdynia Chabrowa
3%
Gdynia Chwarzno Apollina
3%
Gdynia Chwarzno Sokółka
3%
Gdynia Gdynia Arena
3%
Gdynia Gdynia Dworzec Gł. PKP - Wolności
3%
Gdynia Gryfa Pomorskiego
3%
Gdynia Jęczmienna
3%
Gdynia Korzeniowskiego
3%
Gdynia Leśna Polana
3%
Gdynia Mały Kack Strzelców
3%
Gdynia Mickiewicza
3%
Gdynia Necla
3%
Gdynia Piłsudskiego
3%
Gdynia Powstań Chłopskich
3%
Gdynia Rdestowa - Chwaszczyńska
3%
Gdynia Ruchu Oporu
3%
Gdynia Sambora
3%
Gdynia Stadion Miejski
3%
Gdynia Stadion PKM
3%
Gdynia Technikum Chłodnicze
3%
Gdynia Urząd Miasta - Władysława IV
3%
Gdynia Wiczlińska - Las
3%
Gdynia Wieluńska - Radomska
3%
Gdynia Zielona - Działki I
3%
Gdynia Zielona - Działki II
3%
Gdynia 10 Lutego - Skwer Kościuszki
2%
Gdynia Bławatna
2%
Gdynia Centrum Nadawcze RTV
2%
Gdynia Demptowska
2%
Gdynia Działki Leśne - Sztumska
2%
Gdynia Gdynia Dworzec Gł. PKP - Hala
2%
Gdynia Gdynia Dworzec Gł. PKP - Morska
2%
Gdynia Gradowa
2%
Gdynia Halicka
2%
Gdynia I Urząd Skarbowy
2%
Gdynia Kadmowa
2%
Gdynia Kamrowskiego
2%
Gdynia Korczaka
2%
Gdynia Kwiatkowskiej
2%
Gdynia Lutycka
2%
Gdynia Mały Kack Łęczycka
2%
Gdynia Plac Kaszubski - Świętojańska
2%
Gdynia Pucka - Hutnicza
2%
Gdynia Rdestowa - Leśny Zakątek
2%
Gdynia Sea Towers
2%
Gdynia Sosnowiecka
2%
Gdynia Starowiejska
2%
Gdynia Swarzewska I
2%
Gdynia Swarzewska II
2%
Gdynia Wąwóz Ostrowicki
2%
Gdynia Wiczlino Działki I
2%
Gdynia Wiczlino Działki II
2%
Gdynia Wiklinowa
2%
Gdynia Wiosny Ludów
2%
Gdynia Wolności - II LO
2%
Gdynia Żurawia
2%
Gdynia Brzechwy
1%
Gdynia Chrzanowskiego
1%
Gdynia Czernickiego I
1%
Gdynia Czernickiego II
1%
Gdynia Długa
1%
Gdynia Dworzec Morski - Muzeum Emigracji
1%
Gdynia Elektrociepłownia - Pucka
1%
Gdynia Gołębia
1%
Gdynia Górnicza - Damroki
1%
Gdynia Górnicza - Kościół
1%
Gdynia Grenadierów
1%
Gdynia Hutnicza - Piaskowa
1%
Gdynia II Urząd Skarbowy
1%
Gdynia Kalksztajnów - Bloki
1%
Gdynia Kołłątaja
1%
Gdynia Komandorska - Hotel
1%
Gdynia Kopernika - Kościół
1%
Gdynia Kurpiowska
1%
Gdynia Leszczynki I
1%
Gdynia Leszczynki II
1%
Gdynia Marszewska
1%
Gdynia Olkuska - Łowicka
1%
Gdynia Olkuska - Radomska
1%
Gdynia Olsztyńska
1%
Gdynia Park Rady Europy
1%
Gdynia Pieńkawy
1%
Gdynia Plac Neptuna
1%
Gdynia Portowa
1%
Gdynia Przystań Żeglugi
1%
Gdynia Pucka - Przejazd Kolejowy
1%
Gdynia Śląska
1%
Gdynia Spokojna - Cmentarz
1%
Gdynia Stocznia Gdynia
1%
Gdynia Szczecińska
1%
Gdynia Tatrzańska - Olsztyńska
1%
Gdynia Terminal Promowy
1%
Gdynia Urząd Pracy
1%
Gdynia Zaruskiego
1%
Gdynia Bażyńskiego
0%
Gdynia Beniowskiego - Akademiki
0%
Gdynia Bieszczadzka
0%
Gdynia Celna
0%
Gdynia Chrzanowskiego - Przychodnia
0%
Gdynia Chylonia Krzywoustego
0%
Gdynia Cisowa Granica Miasta
0%
Gdynia Czwartaków
0%
Gdynia Dembińskiego
0%
Gdynia Demptowo - Jednostka Wojskowa
0%
Gdynia Elektrociepłownia - Kontenerowa
0%
Gdynia Elektrowozownia SKM
0%
Gdynia Focha
0%
Gdynia Fregatowa
0%
Gdynia Gdynia Dworzec Gł. PKP - Dworcowa
0%
Gdynia Grabowo
0%
Gdynia Hallera
0%
Gdynia Handlowa
0%
Gdynia Hipermarket Tesco / OBI
0%
Gdynia Hutnicza - Działki
0%
Gdynia Hutnicza - Stacja Paliw Lotos
0%
Gdynia Instytut Med. Morskiej i Tropikalnej
0%
Gdynia Jałowcowa
0%
Gdynia Kacze Buki Puszczyka
0%
Gdynia Kapitańska
0%
Gdynia Kmicica
0%
Gdynia Kopernika - Partyzantów
0%
Gdynia Kordeckiego
0%
Gdynia Kręta
0%
Gdynia Krofeya
0%
Gdynia Krzemowa
0%
Gdynia Kwidzyńska I
0%
Gdynia Kwidzyńska II
0%
Gdynia Leśniczówka Rogulewo
0%
Gdynia Liceum Jezuitów
0%
Gdynia Łowicka - Szkoła
0%
Gdynia Nowogrodzka
0%
Gdynia Ogród Botaniczny Marszewo
0%
Gdynia Plaża Śródmieście - Muzeum Miasta Gdyni
0%
Gdynia Podleśna
0%
Gdynia Potok Wiczliński
0%
Gdynia Rotterdamska
0%
Gdynia Rozewska
0%
Gdynia Rybińskiego
0%
Gdynia Ściegiennego
0%
Gdynia Starochwaszczyńska
0%
Gdynia Stoigniewa
0%
Gdynia Szczeblewskiego
0%
Gdynia Szkoła Morska
0%
Gdynia Urząd Morski
0%
Gdynia Wielki Kack Starodworcowa
0%
Gdynia Witomino Polna
0%
Gdynia Wzgórze Św. Maksymiliana Syrokomli
0%
Gdynia Zielona - Klub Garnizonowy
0%
Gdynia Zwinisławy
0%
Nie znaleziono quizów pasujących do podanych kryteriów
Rozkład punktacji
Procent ludzi z każdym wynikiem
Percentyl według liczby udzielonych odpowiedzi
Twoja historia wyników
Nie rozwiązałeś tego quizu